000 00835nam a2200229 i 4500
001 bg
245 1 0 _aPrzetwórstwo metali :
_bplastyczność a struktura : praca /
_cpod red. Eugeniusza Hadasika ; [aut. Janusz Dänemark et al.].
260 _aGliwice :
_bWydawnictwo Politechniki Śląskiej,
_c2006.
300 _a287 s. :
_bil. (w tym kolor.) ;
_c24 cm.
504 _aBibliogr. przy rozdz.
650 9 _aMetale
_xobróbka plastyczna
655 _aPodręczniki akademickie
700 1 _aHADASIK, Eugeniusz.
_eRed.
020 _a8373353127
040 _cBPK
041 0 _apol
080 _a669.017/.018:621.73/.77:539.5](075.8)
920 _a83-7335-312-7
942 _cKS
008 s pl f |000 0 pol
999 _c51938
_d51938
856 _uhttp://koha.tu.koszalin.pl/cgi-bin/koha/opac-detail.pl?biblionumber=51938
_yKatalog online BPK